The noble scholar, jurist, historian


 His Excellency Dr. Abdul Wahhab bin Ibrahim Abu Sulaiman, may Allah have mercy on him.


 He was born in Umm Al-Qura in the year 1356 AH.

حاشية العلامة سعد الدين التفتازاني المتوفى سنة 791. وحاشية المحقق السيد الشريف الجرجاني المتوفى سنة 816 على شرح القاضي عضد الملة والدين لمختصر المنتهى الأصولي لابن الحاجب المالكي المتوفى سنة 646 هـ مع حاشية المحقق الشيخ حسن الهروي على حاشية السيد الجرجاني نفع الله بهم (Record no. 13174)

MARC details
000 -LEADER
fixed length control field 02325cam a22002891i 4500
003 - CONTROL NUMBER IDENTIFIER
control field SA-RiAUC
005 - DATE AND TIME OF LATEST TRANSACTION
control field 20251111081105.0
008 - FIXED-LENGTH DATA ELEMENTS--GENERAL INFORMATION
fixed length control field 250807s1974 ua g 000 0 ara c
040 ## - CATALOGING SOURCE
Original cataloging agency SA-JeALM
Language of cataloging ara
Transcribing agency SA-RiAUC
Description conventions rda
050 #4 - LIBRARY OF CONGRESS CALL NUMBER
Item number A36 1974
082 04 - DEWEY DECIMAL CLASSIFICATION NUMBER
Classification number 258.2
Assigning agency SA-RiAUC
090 ## - LOCALLY ASSIGNED LC-TYPE CALL NUMBER (OCLC); LOCAL CALL NUMBER (RLIN)
Classification number (OCLC) (R) ; Classification number, CALL (RLIN) (NR) 258.2
Local cutter number (OCLC) ; Book number/undivided call number, CALL (RLIN) ح ا ش
245 00 - TITLE STATEMENT
Title حاشية العلامة سعد الدين التفتازاني المتوفى سنة 791. وحاشية المحقق السيد الشريف الجرجاني المتوفى سنة 816 على شرح القاضي عضد الملة والدين لمختصر المنتهى الأصولي لابن الحاجب المالكي المتوفى سنة 646 هـ مع حاشية المحقق الشيخ حسن الهروي على حاشية السيد الجرجاني نفع الله بهم
Statement of responsibility, etc. مراجعة وتصحيح شعبان محمد إسماعيل
264 #1 - PRODUCTION, PUBLICATION, DISTRIBUTION, MANUFACTURE, AND COPYRIGHT NOTICE
Place of production, publication, distribution, manufacture القاهرة :
Name of producer, publisher, distributor, manufacturer مكتبة الكليات الأزهرية،
Date of production, publication, distribution, manufacture, or copyright notice 1983
300 ## - PHYSICAL DESCRIPTION
Extent 2 ج في واحد مجلد ؛
Dimensions 30 سم.
336 ## - CONTENT TYPE
Content type term نص
Content type code txt
Source rdacontent
Materials specified كتاب
337 ## - MEDIA TYPE
Media type term بدون وسيط
Media type code n
Source rdamedia
338 ## - CARRIER TYPE
Carrier type term مجلد
Carrier type code nc
Source rdacarrier
650 #7 - SUBJECT ADDED ENTRY--TOPICAL TERM
Topical term or geographic name entry element أصول الفقه الإسلامي
General subdivision طريقة المالكية
Source of heading or term aucsh
700 12 - ADDED ENTRY--PERSONAL NAME
Relationship information مع (عمل) :
Personal name السعد التفتازاني، مسعود بن عمر بن عبد الله،
Dates associated with a name 712-793 هجري.
Title of a work حاشية التفتازاني على شرح عضد الملة والدين
700 12 - ADDED ENTRY--PERSONAL NAME
Relationship information مع (عمل) :
Personal name الجرجاني، علي بن محمد بن علي،
Dates associated with a name 740-816 هجري.
Title of a work حاشية الشريف الجرجاني على شرح عضد الملة والدين.
700 12 - ADDED ENTRY--PERSONAL NAME
Personal name عضد الدين الإيجي، عبد الرحمن بن أحمد بن عبد الغفار،
Dates associated with a name توفي 756 هجري.
Relationship information تعليق على (عمل) :
Title of a work شرح العضد على مختصر المنتهى الأصولي
700 12 - ADDED ENTRY--PERSONAL NAME
Personal name ابن الحاجب، عثمان بن عمر بن أبي بكر،
Dates associated with a name 570-646 هجري.
Relationship information شرح لـ (عمل) :
Title of a work مختصر المنتهى الأصولي.
700 12 - ADDED ENTRY--PERSONAL NAME
Personal name ابن الحاجب، عثمان بن عمر بن أبي بكر،
Dates associated with a name 570-646 هجري.
Relationship information مختصر لـ (عمل) :
Title of a work منتهى الوصول والأمل في علمي الأصول والجدل
942 ## - ADDED ENTRY ELEMENTS (KOHA)
Source of classification or shelving scheme Dewey Decimal Classification
Koha item type Books
Suppress in OPAC No
949 ## - LOCAL PROCESSING INFORMATION (OCLC)
a SA-JeALM
d 250807
u osman123
n 1
Holdings
Withdrawn status Lost status Source of classification or shelving scheme Materials specified (bound volume or other part) Damaged status Not for loan Home library Current library Date acquired Total checkouts Full call number Barcode Date last seen Price effective from Koha item type
    Dewey Decimal Classification المجلد الاول (الجزء الاول و الثاني)     DR AbdElwahab Library DR AbdElwahab Library 11/11/2025   258.2 ح ا ش 000021029 11/11/2025 11/11/2025 Books